000 00615nam a22002177a 4500
003 UA-OsUOA
001 75067
007 ta
008 20110427b un ||||| |||| 00| 0 ukr d
100 _aЛазарев Е.А.
090 _a32
_bЛ17
942 _cSA
040 _aUA-OsUOA
_brus
_cUA-OsUOA
_dUA-OsUOA
245 _aКоррупция и политическая стабильность: институциональная перспектива
300 _aС.50-69
955 _a0
041 _arus
080 _a32
773 0 _w75065
_tПолития
_dМ.
_d2011
_g1
650 7 _a32 Політика
_2UDC
999 _c361366
_d361366